000 00966cam a2200229 4500
001 WB3820-25
008 020606n2002 000 0 eng u
035 _a(Sirsi) u118289
245 _aWhat lies beneath
260 _c2002
490 _aEstates Gazette
_v(0222) 1 June 2002, 132(1)
520 _a"Tomlinson v Congleton BC" [2002] 12 EG(CS) 136 has awakened fears that landowners must act on dangers inherent on their property. Following a decision where, a swimmer in a lake was paralysed after an accident, and on appeal, the judge held the swimmer two thirds responsible, on the ground of contributory negligence, but liability by the defendant local authority was not ruled out.
590 _aWB
650 _aTRESPASSERS
650 _aDUTY OF CARE
650 _aLOCAL AUTHORITIES
650 _aOCCUPIERS
650 _aOCCUPIERS LIABILITY ACT 1984
650 _aTOMLINSON V CONGLETON BC
690 _aPROPERTY AND LAND LAW-CASE LAW
942 _n0
999 _c70420
_d70420